000 00294nam a22001337a 4500
008 181016b xxu||||| |||| 00| 0 eng d
020 _a0306433508
041 _aeng
080 _a510
100 _a36
101 _aSHM
245 _aCoping with Physical Illness
_cMoos, R.H
942 _2udc
_cBK
999 _c49861
_d49861